| 000 | 00402 a2200169 4500 | ||
|---|---|---|---|
| 003 | Nust | ||
| 005 | 20170207154320.0 | ||
| 040 | _cNust | ||
| 082 | _a621.395 | ||
| 100 | _aMorris Mano | ||
| 245 |
_aDIGITAL DESIGN (E-Book) _cM. MORRIS MANO |
||
| 250 | _a4th ed | ||
| 260 |
_aPearson Education, Inc., _c2007 |
||
| 300 | _a294 p | ||
| 650 | _aTelecommunications engineering - (E-BOOK) | ||
| 651 | _aE-Book | ||
| 942 |
_2ddc _cBK |
||
| 999 |
_c196721 _d196721 |
||